<?xml version="1.0" encoding="UTF-8"?>
<record
    xmlns:xsi="http://www.w3.org/2001/XMLSchema-instance"
    xsi:schemaLocation="http://www.loc.gov/MARC21/slim http://www.loc.gov/standards/marcxml/schema/MARC21slim.xsd"
    xmlns="http://www.loc.gov/MARC21/slim">

  <leader>01045nam2a2200253   4500</leader>
  <controlfield tag="001">RU\NLR\bibl\1283865</controlfield>
  <controlfield tag="005">20250615142103.0</controlfield>
  <datafield tag="010" ind1=" " ind2=" ">
    <subfield code="a">5-88060-147-1</subfield>
    <subfield code="9">8000</subfield>
  </datafield>
  <datafield tag="021" ind1=" " ind2=" ">
    <subfield code="a">RU</subfield>
    <subfield code="b">2008-63591</subfield>
    <subfield code="9">3613</subfield>
  </datafield>
  <datafield tag="035" ind1=" " ind2=" ">
    <subfield code="a">(NLR Aleph) 001269606</subfield>
  </datafield>
  <datafield tag="090" ind1=" " ind2=" ">
    <subfield code="a">430629</subfield>
    <subfield code="c">430629</subfield>
  </datafield>
  <datafield tag="100" ind1=" " ind2=" ">
    <subfield code="a">20081014d2008    |||y0rusy50      ca</subfield>
  </datafield>
  <datafield tag="101" ind1="1" ind2=" ">
    <subfield code="a">rus</subfield>
    <subfield code="c">scc</subfield>
  </datafield>
  <datafield tag="102" ind1=" " ind2=" ">
    <subfield code="a">RU</subfield>
  </datafield>
  <datafield tag="105" ind1=" " ind2=" ">
    <subfield code="a">a   |||||||||</subfield>
  </datafield>
  <datafield tag="200" ind1="0" ind2=" ">
    <subfield code="a">&#x410;&#x43F;&#x440;&#x435;&#x43B;&#x44C;, &#x43C;&#x430;&#x439;, &#x438;&#x44E;&#x43D;&#x44C;</subfield>
  </datafield>
  <datafield tag="210" ind1=" " ind2=" ">
    <subfield code="d">2008</subfield>
    <subfield code="a">&#x411;. &#x43C;.</subfield>
  </datafield>
  <datafield tag="215" ind1=" " ind2=" ">
    <subfield code="a">446, [1] &#x441;.</subfield>
    <subfield code="c">&#x438;&#x43B;.</subfield>
  </datafield>
  <datafield tag="461" ind1=" " ind2="0">
    <subfield code="1">001RU\NLR\bibl\1274939</subfield>
    <subfield code="1">2001#$a&#x41E;&#x445;&#x440;&#x438;&#x434;&#x441;&#x43A;&#x438;&#x439; &#x41F;&#x440;&#x43E;&#x43B;&#x43E;&#x433;$v&#x410;&#x43F;&#x440;&#x435;&#x43B;&#x44C;, &#x43C;&#x430;&#x439;, &#x438;&#x44E;&#x43D;&#x44C;</subfield>
    <subfield code="9">377642</subfield>
    <subfield code="a">&#x41D;&#x438;&#x43A;&#x43E;&#x43B;&#x430;&#x439; (&#x412;&#x435;&#x43B;&#x438;&#x43C;&#x438;&#x440;&#x43E;&#x432;&#x438;&#x447;, &#x41D;&#x438;&#x43A;&#x43E;&#x43B;&#x430; ; 1880-1956)</subfield>
    <subfield code="c">&#x41C;&#x43E;&#x441;&#x43A;&#x432;&#x430;</subfield>
    <subfield code="d">2008</subfield>
    <subfield code="f">&#x43F;&#x435;&#x440;. &#x441; &#x441;&#x435;&#x440;&#x431;. &#x421;&#x435;&#x440;&#x433;&#x435;&#x44F; &#x424;&#x43E;&#x43D;&#x43E;&#x432;&#x430;</subfield>
    <subfield code="n">&#x41F;&#x430;&#x43B;&#x43E;&#x43C;&#x43D;&#x438;&#x43A;</subfield>
    <subfield code="o">&#x442;&#x432;&#x43E;&#x440;&#x435;&#x43D;&#x438;&#x44F; &#x441;&#x432;&#x44F;&#x442;&#x438;&#x442;&#x435;&#x43B;&#x44F; &#x41D;&#x438;&#x43A;&#x43E;&#x43B;&#x430;&#x44F; &#x421;&#x435;&#x440;&#x431;&#x441;&#x43A;&#x43E;&#x433;&#x43E; (&#x412;&#x435;&#x43B;&#x438;&#x43C;&#x438;&#x440;&#x43E;&#x432;&#x438;&#x447;&#x430;)</subfield>
    <subfield code="t">&#x41E;&#x445;&#x440;&#x438;&#x434;&#x441;&#x43A;&#x438;&#x439; &#x41F;&#x440;&#x43E;&#x43B;&#x43E;&#x433;</subfield>
    <subfield code="v">&#x410;&#x43F;&#x440;&#x435;&#x43B;&#x44C;, &#x43C;&#x430;&#x439;, &#x438;&#x44E;&#x43D;&#x44C;</subfield>
  </datafield>
  <datafield tag="801" ind1=" " ind2="0">
    <subfield code="a">RU</subfield>
    <subfield code="b">NLR</subfield>
    <subfield code="c">20081014</subfield>
    <subfield code="g">RCR</subfield>
  </datafield>
  <datafield tag="801" ind1=" " ind2="1">
    <subfield code="a">RU</subfield>
    <subfield code="b">NLR</subfield>
    <subfield code="c">20081014</subfield>
  </datafield>
  <datafield tag="942" ind1=" " ind2=" ">
    <subfield code="c">BOOK</subfield>
  </datafield>
  <datafield tag="980" ind1=" " ind2=" ">
    <subfield code="a">NB</subfield>
  </datafield>
  <datafield tag="995" ind1=" " ind2=" ">
    <subfield code="5">2008-10-14</subfield>
    <subfield code="a">ad</subfield>
    <subfield code="b">NLR01</subfield>
    <subfield code="c">NLR01</subfield>
    <subfield code="e">RF9</subfield>
    <subfield code="f">2772244</subfield>
    <subfield code="k">2008-3/15200</subfield>
    <subfield code="o">0</subfield>
    <subfield code="r">BOOK</subfield>
    <subfield code="s">2008315200_</subfield>
  </datafield>
  <datafield tag="995" ind1=" " ind2=" ">
    <subfield code="5">2008-10-14</subfield>
    <subfield code="a">ad</subfield>
    <subfield code="b">NLR01</subfield>
    <subfield code="c">NLR01</subfield>
    <subfield code="e">RF9</subfield>
    <subfield code="f">2772246</subfield>
    <subfield code="k">2008-3/15200</subfield>
    <subfield code="o">0</subfield>
    <subfield code="r">BOOK</subfield>
    <subfield code="s">2008315200_</subfield>
  </datafield>
</record>
